000 00745na a2200241 4500
001 24200
003 MIRAKIL
005 20181213155331.0
008 180612b tu 000 0
020 _a9789758805747
040 _aMilas
_btur
_cTR-AnCHP
041 _atur
082 _a328.561
_bT15y 2016
090 _a328.561 T15y 2016
110 _aTürkiye Büyük Millet Meclisi (TBMM)
245 _a26. dönem TBMM albümü
_cTürkiye Büyük Millet Meclisi (TBMM)
260 _aAnkara
_bTürkiye Büyük Millet Meclisi (TBMM)
_c2016.
300 _a316 s.
_bfotg.
_c20 sm.
440 _aTBMM
_vyayın no: TBMM 2016/81-BYHİB/40
610 _aTBMM
_xAlbümler
_y2016
657 _a26. dönem milletvekili albümü
942 _2ddc
_cBKS
999 _c10725
_d10725